[Event " Jogo # 66"]
[Site "http://www.queenalice.com/game.php?id=1528880"]
[Date "2018.5.28"]
[Round "-"]
[White "Vinicius92"]
[Black "ztnilz"]
[Result "1-0"]
[WhiteElo "1983"]
[BlackElo "1891"]

1. e4 c5 2. Nf3 d6 3. Be2 Nf6 4. d3 e6 5. c4 Nc6 6. a3 a5 7. Nc3 Be7 8. Bg5 h6
9. Bh4 Nxe4 10. Nxe4 Bxh4 11. Nxh4 Qxh4 12. Nxd6+ Ke7 13. Nxc8+ Raxc8 14. Bf3
Qf6 15. Rb1 Rhd8 16. O-O Rb8 17. Bxc6 bxc6 18. Qd2 Ra8 19. Rfe1 Kf8 20. Re2 Rd4
21. Qe3 Rb8 22. Rd2 Qf4 23. Qxf4 Rxf4 24. Re1 Rd4 25. Kf1 Rb3 26. Re3 a4 27. Ke2
Ke7 28. Re5 Kd6 29. Rh5 e5 30. Ke3 Ke6 31. f3 f5 32. g3 f4+ 33. Ke2 fxg3 34.
hxg3 Rd7 35. Ke3 Rd4 36. Ke2 Rd8 37. Rh4 Rb7 38. Ke3 Rd4 39. Rh5 Rf7 40. g4 Rdf4
41. Rf2 Kf6 42. Rh1 Ke6 43. Rb1 Rb7 44. b3 Rf8 45. Rfb2 Rfb8 46. b4 cxb4 47.
axb4 a3 48. Rb3 Ra7 49. Ra1 a2 50. Rb2 Kd6 51. Raxa2 Rxa2 52. Rxa2 Rb7 53. Ke4
g6 54. Rh2 Rh7 55. b5 cxb5 56. cxb5 h5 57. gxh5 Rxh5 58. Rxh5 gxh5 59. Kf5 Kc5
60. Kxe5 h4 61. Kf4 h3 62. Kg3 h2 63. Kxh2 Kxb5 64. Kg2 1-0

[Event "Jogo # 67"]
[Site "http://www.queenalice.com/game.php?id=1539071"]
[Date "2018.8.17"]
[Round "-"]
[White "ztnilz"]
[Black "Vinicius92"]
[Result "0-1"]
[WhiteElo "1927"]
[BlackElo "2007"]

1. e4 e5 2. Nf3 d6 3. Bc4 a6 4. d4 b5 5. Bb3 exd4 6. Ng5 Nh6 7. Qxd4 c5 8. Qd5
Ra7 9. c4 Bb7 10. Qd1 f6 11. Ne6 Qe7 12. cxb5 axb5 13. Bd5 Nd7 14. Nc7+ Kd8 15.
Ne6+ Kc8 16. O-O Nb6 17. Re1 Nf7 18. Nxf8 Rxf8 19. Bxb7+ Kxb7 20. Be3 Ra4 21.
Nc3 Ra5 22. a3 Qd7 23. Qd2 Nc4 24. Qc1 Nfe5 25. Rd1 Nxe3 26. Qxe3 Rc8 27. b3 Kc6
28. Rd5 b4 29. Rad1 bxc3 30. Qxc3 Rxa3 31. f4 Nf7 32. Qc4 Kb6 33. Rxc5 Rxc5 34.
Qb4+ Kc6 35. Qxa3 Qg4 36. Qa8+ Kd7 37. Qb7+ Rc7 38. Qb5+ Ke7 39. Qd5 Qxf4 40. b4
Qe5 41. Qd2 Qc3 42. Qxc3 Rxc3 43. Rb1 Rc6 44. b5 Rb6 45. Kf2 Ke6 46. Ke3 Ke5 47.
Rb4 g5 48. g4 Nd8 49. h3 Ne6 0-1

[Event "Jogo # 68"]
[Site "http://www.queenalice.com/game.php?id=1539072"]
[Date "2018.8.17"]
[Round "-"]
[White "Vinicius92"]
[Black "ztnilz"]
[Result "1-0"]
[WhiteElo "1995"]
[BlackElo "1895"]

1. d4 e6 2. e4 d5 3. e5 c5 4. Bb5+ Bd7 5. Bxd7+ Nxd7 6. dxc5 Nxc5 7. Nf3 h6 8.
Be3 b6 9. Qe2 Be7 10. Nd4 Qc7 11. f4 a6 12. Nd2 g6 13. N2b3 Ne4 14. Nd2 Bh4+ 15.
g3 Bxg3+ 16. Kf1 Nxd2+ 17. Bxd2 Bh4 18. Rc1 b5 19. b3 Be7 20. Rg1 h5 21. h3 Qb6
22. Be3 Bc5 23. Qf2 Ne7 24. c3 Rc8 25. b4 Bxd4 26. Bxd4 Qb7 27. Bc5 Nf5 28. h4
Ne7 29. Rh1 d4 30. Rh3 Nf5 31. cxd4 Qe4 32. Rd1 Ne7 33. Ra3 Qb7 34. Qg2 Qxg2+
35. Kxg2 Nd5 36. Kg3 Kd7 37. Rxa6 Rc7 38. Rd3 Rhc8 39. Rd6+ Ke8 40. Ra3 Rc6 41.
Ra5 Rb8 42. Rxc6 1-0

[Event "Jogo # 69"]
[Site "http://www.queenalice.com/game.php?id=1543734"]
[Date "2018.9.27"]
[Round "-"]
[White "ztnilz"]
[Black "Vinicius92"]
[Result "1-0"]
[WhiteElo "1914"]
[BlackElo "2020"]

1. e4 e5 2. Nf3 d6 3. Bc4 a6 4. a4 Nf6 5. Ng5 d5 6. exd5 Nxd5 7. Nxf7 Kxf7 8.
Qf3+ Ke6 9. Nc3 c6 10. O-O Bc5 11. Ne4 Ba7 12. d3 h6 13. c3 Rf8 14. Qg3 Qc7 15.
Qg6+ Ke7 16. Qxg7+ Rf7 17. Qxh6 Be6 18. Ng5 Rf6 19. Qh4 Nd7 20. Ne4 Rf8 21. Bg5
Qd8 22. Nxf6 N5xf6 23. Qh7+ Rf7 24. Bxf6+ Nxf6 25. Qh4 Rh7 26. Qg3 Ng4 27. h3
Nxf2 28. Rxf2 Rf7 29. Qg5+ Rf6 30. Qxf6+ 1-0

[Event "Jogo # 70"]
[Site "http://www.queenalice.com/game.php?id=1543735"]
[Date "2018.9.27"]
[Round "-"]
[White "Vinicius92"]
[Black "ztnilz"]
[Result "1-0"]
[WhiteElo "2000"]
[BlackElo "1886"]

1. d4 d5 2. g3 Nc6 3. Bg2 g6 4. e3 Bg7 5. Ne2 Nf6 6. O-O O-O 7. Nd2 e5 8. dxe5
Nxe5 9. b3 c6 10. Bb2 Ned7 11. a4 a6 12. Rc1 Re8 13. c4 dxc4 14. Nxc4 Nd5 15.
Bxg7 Kxg7 16. Bxd5 cxd5 17. Qxd5 Nf6 18. Qd4 Qxd4 19. Nxd4 Bh3 20. Rfd1 Rad8 21.
Nb6 Kg8 22. Rc7 Rb8 23. Nf3 Bg4 24. Kg2 Be6 25. b4 Bg4 26. Rd4 Bxf3+ 27. Kxf3 h5
28. Nd7 Nxd7 29. Rdxd7 Rf8 30. Rxb7 Rxb7 31. Rxb7 Ra8 32. a5 Kf8 33. Kf4 Kg7 34.
h4 Kf6 35. Rb6+ Ke7 36. e4 Ra7 37. e5 Kf8 38. f3 Kg7 39. g4 hxg4 40. fxg4 Kh7
41. Kg5 Kg7 42. h5 gxh5 43. gxh5 Kh7 44. h6 1-0

[Event "Jogo # 71"]
[Site "http://www.queenalice.com/game.php?id=1551278"]
[Date "2018.12.1"]
[Round "-"]
[White "ztnilz"]
[Black "Vinicius92"]
[Result "0-1"]
[WhiteElo "1894"]
[BlackElo "2023"]

1. e4 e5 2. Nf3 d6 3. Bc4 Nf6 4. Ng5 Nxe4 5. Bxf7+ Ke7 6. Nxe4 Kxf7 7. Qf3+ Ke8
8. c4 Nc6 9. O-O Nd4 10. Qd1 Bf5 11. d3 Bxe4 12. dxe4 Qe7 13. Nc3 h5 14. f4 g6
15. Nd5 Qg7 16. fxe5 dxe5 17. Bg5 Kd7 18. Nf6+ Kc8 19. Qa4 b6 20. Rf2 Bc5 21.
Kh1 Ne6 22. Qc6 Rb8 23. Qxe6+ Kb7 24. Rd2 Bd4 25. Rad1 Rbd8 26. Nxh5 gxh5 27.
Bxd8 Rxd8 28. b4 Rd6 29. Qh3 Rh6 30. Rf1 h4 31. b5 Qg5 32. Re2 Rf6 33. Rd1 Qh5
34. Ree1 Rf2 35. g4 hxg3 36. Qxh5 g2+ 37. Kg1 Rd2+ 38. Re3 Bxe3# 0-1

[Event "Jogo # 72"]
[Site "http://www.queenalice.com/game.php?id=1551279"]
[Date "2018.12.1"]
[Round "-"]
[White "Vinicius92"]
[Black "ztnilz"]
[Result "1-0"]
[WhiteElo "2011"]
[BlackElo "1916"]

1. d4 e6 2. e4 d5 3. e5 c5 4. Nf3 b6 5. b3 Bb7 6. Be2 Nc6 7. Bb5 a6 8. Bxc6+
Bxc6 9. O-O h6 10. Bb2 Ne7 11. Nbd2 Nf5 12. c3 Be7 13. Re1 g6 14. c4 O-O 15. Rc1
cxd4 16. cxd5 Bxd5 17. Nxd4 Nxd4 18. Bxd4 b5 19. Nf3 Bxf3 20. gxf3 Bh4 21. Qd2
h5 22. Qe3 Bg5 23. f4 Bh6 24. Red1 Qb8 25. Bc5 Rc8 26. Rd7 Bf8 27. b4 Bxc5 28.
bxc5 Rd8 29. c6 Rxd7 30. cxd7 Qd8 31. Qe4 Ra7 32. Rc8 1-0

[Event "Jogo #73"]
[Site "http://www.queenalice.com/game.php?id=1563250"]
[Date "2019.3.6"]
[Round "-"]
[White "ztnilz"]
[Black "Vinicius92"]
[Result "0-1"]
[WhiteElo "1807"]
[BlackElo "2043"]

1. e4 c5 2. Nc3 Nc6 3. f4 Qc7 4. d3 g6 5. Nf3 a6 6. a4 e6 7. Be3 b6 8. Be2 Bb7
9. O-O h5 10. h4 Bh6 11. Qd2 Nf6 12. Ng5 Ng4 13. Bf3 Bxg5 14. Bxg4 Bxh4 15. Bf3
Bg3 16. Ne2 h4 17. Nxg3 hxg3 18. Rfd1 Qd8 19. Kf1 Nd4 20. Bxd4 cxd4 21. Ke2 Rh2
22. Rg1 Qh4 23. Qe1 Qxf4 24. Qd2 Qxd2+ 25. Kxd2 Ke7 26. c3 e5 27. c4 Bc6 28. b3
Rah8 29. Rae1 R8h4 30. Re2 g5 31. Ree1 Rf4 32. Bd1 Rf2+ 33. Re2 Rxe2+ 34. Bxe2
Ke6 35. Bg4+ Ke7 36. Ke2 f6 37. Bh3 g4 38. Bxg4 Rh6 39. Kf3 Kd6 40. Kxg3 Kc5 41.
Kf2 Kb4 42. Bd1 Kc3 43. Ke2 Rg6 44. g4 Rh6 45. g5 fxg5 46. Rxg5 Rh2+ 47. Kf1
Kxd3 48. Rg2 Rh1+ 0-1

[Event "Jogo #74"]
[Site "http://www.queenalice.com/game.php?id=1563251"]
[Date "2019.3.6"]
[Round "-"]
[White "Vinicius92"]
[Black "ztnilz"]
[Result "1-0"]
[WhiteElo "2034"]
[BlackElo "1849"]

1. d4 c6 2. e4 d6 3. Nc3 Nf6 4. Nf3 b5 5. b4 e6 6. Be2 Bb7 7. a4 bxa4 8. Rxa4 a6
9. O-O Be7 10. Bf4 h6 11. e5 dxe5 12. dxe5 Nd5 13. Nxd5 cxd5 14. c3 Bc6 15. Ra2
Qc8 16. Qd2 Qb7 17. Rfa1 Bd8 18. Nd4 Bc7 19. b5 Bd7 20. bxa6 Qa7 21. Be3 Bb6 22.
Qb2 O-O 23. Rb1 Bxd4 24. Bxd4 Qc7 25. Qb7 Qxb7 26. Rxb7 Bc6 27. Rc7 Be8 28. Rc8
Bc6 29. Rc7 Be8 30. Bc5 1-0

[Event "Jogo # 76"]
[Site "http://www.queenalice.com/game.php?id=1570571"]
[Date "2019.5.11"]
[Round "-"]
[White "Vinicius92"]
[Black "ztnilz"]
[Result "1-0"]
[WhiteElo "2050"]
[BlackElo "1902"]

1. d4 e6 2. e4 d5 3. exd5 exd5 4. Nc3 Nf6 5. Bg5 c6 6. Qe2+ Be6 7. Nh3 Be7 8.
Nf4 Bf5 9. Bxf6 gxf6 10. Nh5 Kf8 11. O-O-O Nd7 12. Re1 Be6 13. Qd2 f5 14. Qh6+
1-0

[Event " Jogo: Jogo # 75"]
[Site "http://www.queenalice.com/game.php?id=1570573"]
[Date "2019.5.11"]
[Round "-"]
[White "ztnilz"]
[Black "Vinicius92"]
[Result "0-1"]
[WhiteElo "1921"]
[BlackElo "2060"]

1. e4 c5 2. Nf3 Nc6 3. Nc3 e6 4. g3 h6 5. d3 a6 6. a3 b6 7. Bg2 Bb7 8. b3 Be7 9.
Bb2 Bf6 10. Rb1 Nge7 11. Ba1 d5 12. exd5 exd5 13. Ne2 Bxa1 14. Rxa1 O-O 15. O-O
Re8 16. c3 Ng6 17. Re1 Bc8 18. Qc2 Bf5 19. Qd2 Ra7 20. Kh1 Rae7 21. Neg1 d4 22.
c4 Na5 23. Rxe7 Rxe7 24. Rb1 Nc6 25. Re1 Rxe1 26. Nxe1 Nce5 27. Ngf3 Qf6 28. Qe2
Nxf3 29. Bxf3 Qe6 30. Qxe6 fxe6 31. Kg2 Kf7 32. a4 a5 33. Kg1 Ne5 34. Be2 Kf6
35. Kg2 g5 36. h3 Nf7 37. g4 Bg6 38. Kg3 Nd6 39. f3 e5 40. h4 h5 41. hxg5+ Kxg5
42. Ng2 hxg4 43. fxg4 e4 44. dxe4 Bxe4 45. Ne1 Bb1 46. Bd3 Bxd3 47. Nxd3 Ne4+
48. Kh3 Nd2 49. Nc1 Ne4 50. Nd3 Nf6 51. Nf2 Nxg4 52. Nxg4 Kf4 53. Nf2 Ke3 54.
Kg2 Kd2 55. Kf1 Kc3 0-1

[Event "Jogo #77"]
[Site "http://www.queenalice.com/game.php?id=1578674"]
[Date "2019.7.27"]
[Round "-"]
[White "ztnilz"]
[Black "Vinicius92"]
[Result "0-1"]
[WhiteElo "1892"]
[BlackElo "2070"]

1. e4 c5 2. Nc3 a6 3. a4 Nc6 4. Nf3 e6 5. d4 cxd4 6. Nxd4 Qc7 7. Nf3 Bb4 8. Bd2
Nf6 9. Bd3 h6 10. Na2 Bd6 11. b4 b6 12. O-O Ne5 13. Nxe5 Bxe5 14. Rb1 Bxh2+ 15.
Kh1 Bd6 16. g3 Bb7 17. f3 Bxg3 0-1

[Event "Jogo #78"]
[Site "http://www.queenalice.com/game.php?id=1578675"]
[Date "2019.7.27"]
[Round "-"]
[White "Vinicius92"]
[Black "ztnilz"]
[Result "1-0"]
[WhiteElo "2079"]
[BlackElo "1869"]

1. d4 Nf6 2. Bg5 Ne4 3. Bd2 Nxd2 4. Nxd2 d5 5. e3 c6 6. Ngf3 g6 7. Bd3 Bg7 8. c3
b6 9. O-O e6 10. Re1 Bb7 11. c4 Nd7 12. cxd5 cxd5 13. Bb5 O-O 14. Rc1 Nf6 15.
Rc3 a6 16. Ba4 b5 17. Bc2 Rc8 18. Nb3 Rxc3 19. bxc3 Nd7 20. h3 Qc7 21. Qd2 Rc8
22. Rc1 Qxc3 23. Qxc3 Rxc3 24. Kf1 Rc8 25. Na5 Ba8 26. h4 Nb6 27. h5 Nc4 28. Nb3
e5 29. dxe5 Nxe5 30. Nxe5 Bxe5 31. f4 Bg7 32. g4 gxh5 33. Bxh7+ Kxh7 34. Rxc8
1-0

[Event "Jogo #79"]
[Site "http://www.queenalice.com/game.php?id=1587332"]
[Date "2019.10.18"]
[Round "-"]
[White "ztnilz"]
[Black "Vinicius92"]
[Result "1-0"]
[WhiteElo "1963"]
[BlackElo "2096"]

1. e4 c5 2. b3 e6 3. c4 Nc6 4. Nf3 Be7 5. Bb2 Bf6 6. Nc3 h6 7. h4 a6 8. a3 b5 9.
cxb5 axb5 10. Bxb5 Nge7 11. Qc2 e5 12. d3 Rb8 13. a4 Bb7 14. Ne2 Nb4 15. Qxc5
Nxd3+ 16. Bxd3 Rc8 17. Qe3 O-O 18. Bxe5 Bxe5 19. Nxe5 Qa5+ 20. Qd2 Qxe5 21. O-O
Bxe4 22. Bxe4 d5 23. Bf3 Nf5 24. g3 Rc6 25. Qxd5 Qxd5 26. Bxd5 Rd6 27. Bc4 Rfd8
28. a5 Rg6 29. Kh2 Ne7 30. a6 Ra8 31. Nf4 Rf6 32. a7 Nc8 33. Nd5 Rd6 34. Nc7
Rxa7 35. Rxa7 Nxa7 36. Nb5 Nxb5 37. Bxb5 Rd2 38. Kg2 Rb2 39. Bc4 g6 40. g4 Kg7
41. Kg3 f6 42. f4 Kf8 43. Re1 Rc2 44. Re3 Rc1 45. Rd3 Rg1+ 46. Kf3 Rc1 47. Rd7
Ke8 48. Bb5 Rc3+ 49. Rd3+ Ke7 50. Rxc3 1-0

[Event "Jogo #80"]
[Site "http://www.queenalice.com/game.php?id=1587333"]
[Date "2019.10.18"]
[Round "-"]
[White "Vinicius92"]
[Black "ztnilz"]
[Result "1-0"]
[WhiteElo "2087"]
[BlackElo "1907"]

1. d4 e6 2. Nf3 Be7 3. e4 d6 4. Be2 Nf6 5. Nc3 a6 6. h3 h6 7. e5 dxe5 8. Nxe5
Nc6 9. Nxc6 bxc6 10. Bf3 Bd7 11. Bd2 Nd5 12. O-O Bf6 13. Re1 O-O 14. Nxd5 exd5
15. Bc3 Re8 16. Qd3 g6 17. Re2 Rxe2 18. Bxe2 a5 19. Qd2 Kg7 20. Bxa5 Qb8 21. Bc3
Qc8 22. Kh2 Qe8 23. a3 Bg5 24. Qe1 f5 25. a4 Kh7 26. a5 f4 27. Bf3 Qf7 28. Bb4
Bc8 29. Bc5 Ba6 30. Qd2 Re8 31. Re1 Rxe1 32. Qxe1 Bd8 33. Be2 Bxe2 34. Qxe2 Bf6
35. a6 Qf8 36. Bxf8 1-0

[Event "Jogo 85"]
[Site "http://www.queenalice.com/game.php?id=1629110"]
[Date "2020.10.6"]
[Round "-"]
[White "Lintz"]
[Black "Vinicius92"]
[Result "0-1"]
[WhiteElo "1843"]
[BlackElo "2117"]

1. e4 c5 2. Nf3 Nc6 3. d4 cxd4 4. Nxd4 Qc7 5. Nc3 e6 6. g3 Bb4 7. Nb3 Bxc3+ 8.
bxc3 Nf6 9. Bg2 Ne5 10. Bb2 Nc4 11. Bc1 O-O 12. O-O Nb6 13. a4 d6 14. Qf3 e5 15.
Bd2 Bg4 16. Qe3 Rac8 17. f3 Be6 18. Rfd1 Nc4 19. Qxa7 Nxd2 20. Nxd2 Ra8 21. Qe3
Rfc8 22. c4 Ra5 23. Bf1 Rca8 24. Kh1 Rxa4 25. Rxa4 Rxa4 26. Qb3 Ra8 27. Rb1 Rb8
28. Qb6 Qe7 29. Nb3 Nd7 30. Qe3 b6 31. Ra1 h6 32. f4 Nc5 33. f5 Bd7 34. Ra7 Qd8
35. Bg2 Ra8 36. Rxa8 Qxa8 37. Nd2 Qa1+ 38. Nf1 Qa2 39. Qe2 Ba4 40. Ne3 Qb1+ 41.
Qf1 Qxf1+ 42. Bxf1 Nxe4 43. Bd3 Nc5 44. Be2 f6 45. g4 Kf7 46. Kg1 Ne4 47. h3 Ke7
48. Bd3 Nc5 49. Nd5+ Kd8 50. Nxb6 Kc7 51. Nd5+ Kd7 52. Kf2 e4 53. Nb6+ Kc6 54.
Nxa4 exd3 55. cxd3 Nxa4 0-1

[Event "Jogo 86"]
[Site "http://www.queenalice.com/game.php?id=1629111"]
[Date "2020.10.6"]
[Round "-"]
[White "Vinicius92"]
[Black "Lintz"]
[Result "1-0"]
[WhiteElo "2113"]
[BlackElo "1843"]

1. e4 e5 2. Nf3 Nf6 3. Bc4 Nxe4 4. Qe2 d5 5. Nxe5 Qe7 6. Nxf7 Qxf7 7. Bxd5 Qxd5
8. d3 Bd6 9. Nc3 Qe6 10. dxe4 O-O 11. Be3 c6 12. O-O-O b5 13. a3 b4 14. axb4
Bxb4 15. Bd2 Ba6 16. Qe3 Nd7 17. f3 Rad8 18. Qxa7 Nc5 19. Kb1 Rf7 20. Qb6 Rfd7
21. Qxb4 Rxd2 22. Rxd2 Rxd2 23. Qxc5 Rxg2 24. Rd1 Rxh2 25. Rd8+ Kf7 26. Qa7+ Kg6
27. Qg1+ Kf7 28. Qxh2 Bc4 29. Qh5+ 1-0

[Event "Jogo 01"]
[Site "http://www.queenalice.com/game.php?id=1644039"]
[Date "2021.2.18"]
[Round "-"]
[White "Lintz"]
[Black "Vinicius92"]
[Result "1/2-1/2"]
[WhiteElo "2032"]
[BlackElo "2106"]

1. d4 d5 2. c4 c6 3. Nc3 e6 4. e4 dxe4 5. Nxe4 b6 6. Be3 Bb7 7. Nc3 Nf6 8. h3
Bb4 9. f3 Bxc3+ 10. bxc3 Nh5 11. Bf2 O-O 12. Ne2 Ba6 13. Ng3 Qg5 14. Nxh5 Qxh5
15. Be2 Qg5 16. O-O Nd7 17. Qc2 g6 18. h4 Qe7 19. Rab1 h5 20. g3 e5 21. c5 Bxe2
22. Qxe2 bxc5 23. Rb7 Rfb8 24. Rfb1 Rxb7 25. Rxb7 cxd4 26. Bxd4 a5 27. Kg2 Rd8
28. Bb6 Rb8 29. Rxb8+ Nxb8 30. Bxa5 Nd7 31. c4 f5 32. Bc3 Qc5 33. Qd2 Nb6 34.
Qd8+ Kf7 35. Bxe5 Qxe5 36. Qxb6 Qe2+ 37. Qf2 Qxc4 38. Qb2 c5 39. Qb3 Qxb3 40.
axb3 Ke6 41. Kf2 Kd5 42. Ke3 c4 43. bxc4+ Kxc4 44. Kf4 Kd4 45. g4 fxg4 46. fxg4
Kd5 47. gxh5 gxh5 48. Kg5 Ke5 49. Kxh5 Kf5 50. Kh6 1/2-1/2

[Event "Jogo 02"]
[Site "http://www.queenalice.com/game.php?id=1644040"]
[Date "2021.2.18"]
[Round "-"]
[White "Vinicius92"]
[Black "Lintz"]
[Result "0-1"]
[WhiteElo "2121"]
[BlackElo "2006"]

1. e4 c5 2. Nf3 Nc6 3. Bc4 e6 4. c3 e5 5. d3 h6 6. O-O Nf6 7. h3 d6 8. Re1 Na5
9. Bb3 Nxb3 10. Qxb3 a6 11. Be3 Be7 12. Nh2 O-O 13. f4 Be6 14. Qxb7 a5 15. f5
Bd7 16. Qb3 a4 17. Qc2 Bc6 18. Nd2 d5 19. exd5 Nxd5 20. Nc4 f6 21. Qd2 Nxe3 22.
Rxe3 Qd5 23. Nb6 Qf7 24. Nxa8 Rxa8 25. Rg3 Kh7 26. Rg6 Qd5 27. Rf1 Be8 28. Rg4
Qxa2 29. Rf2 Rd8 30. Rf3 Bc6 31. Rfg3 Bf8 32. Rh4 e4 33. Qf4 exd3 34. Qg4 Qf7
35. Qd1 d2 36. Nf1 Qd7 37. Ne3 Re8 38. c4 Qd3 39. Kf2 Bd6 40. Rxh6+ gxh6 41. Qg4
Bxg3+ 42. Kxg3 Qxe3+ 43. Kh2 Qe5+ 44. Kh1 Bxg2+ 45. Kxg2 Qe2+ 46. Kg3 Qxg4+ 0-1

[Event "Jogo 03"]
[Site "http://www.queenalice.com/game.php?id=1762274"]
[Date "2021.6.16"]
[Round "-"]
[White "Lintz"]
[Black "Vinicius92"]
[Result "0-1"]
[WhiteElo "1920"]
[BlackElo "2111"]

1. e4 c5 2. c3 e6 3. d4 cxd4 4. cxd4 Qc7 5. Nf3 Nc6 6. a3 a6 7. Be2 b6 8. O-O
Bb7 9. Nc3 h5 10. e5 h4 11. h3 d6 12. Bf4 dxe5 13. dxe5 Rd8 14. Qc2 Nge7 15.
Rac1 Nf5 16. Ne4 Be7 17. Nd6+ Nxd6 18. exd6 Bxd6 19. Bg5 Be7 20. Bxe7 Kxe7 21.
Rfe1 Rd6 22. Red1 Rxd1+ 23. Rxd1 f6 24. Nd4 Rc8 25. Rc1 Qd6 26. Nxc6+ Rxc6 27.
Qd1 Qxd1+ 28. Rxd1 Rc2 29. Bf1 Rxb2 30. Ra1 a5 31. f3 g5 32. a4 Bd5 33. Bb5 Rc2
34. Rd1 Kd6 35. Rb1 Ke5 36. Bd3 Rc6 37. Rb5 Kf4 38. Kf2 f5 39. Rb2 g4 40. hxg4
fxg4 41. fxg4 Kxg4 42. Be2+ Kf4 43. Bf3 Bxf3 44. gxf3 h3 0-1

[Event "Jogo 04"]
[Site "http://www.queenalice.com/game.php?id=1762275"]
[Date "2021.6.16"]
[Round "-"]
[White "Vinicius92"]
[Black "Lintz"]
[Result "1-0"]
[WhiteElo "2104"]
[BlackElo "1936"]

1. e4 c5 2. Nf3 d6 3. d4 cxd4 4. Nxd4 e6 5. Nc3 a6 6. Bd3 Nc6 7. Nf3 Be7 8. a3
Nf6 9. Bg5 h6 10. Bh4 b5 11. O-O O-O 12. Qe2 Nh7 13. Bxe7 Nxe7 14. e5 dxe5 15.
Qe4 f5 16. Qxa8 e4 17. Nxe4 fxe4 18. Qxe4 g6 19. Rad1 Qe8 20. h4 Nf6 21. Qe3 Kg7
22. Ne5 Nfd5 23. Qg3 Rf6 24. h5 g5 25. Ng4 Rf4 26. Rfe1 Qxh5 27. Ne5 Rh4 28. f3
Rh1+ 29. Kf2 Rxe1 30. Rxe1 Nf4 31. Re4 Ned5 32. c4 Nxd3+ 33. Nxd3 Qf7 34. cxd5
Bb7 35. dxe6 Qe7 36. Qe5+ Kg8 37. Rd4 1-0